000 01008nam a22002297a 4500
005 20230624100547.0
008 230624b ||||| |||| 00| 0 eng d
040 _cAL
041 _aeng
082 _223
_a796.35
_bANAB
100 _aS Anand
_9124750
245 _aBrahmans and Cricket:
_bLagaans Millennial Purana and Other Myths
260 _aChennai
_bRavikumar and Anand
_c2003
300 _aiv,60p.
_bPB
_c21x14cm.
365 _b60.00
_c
_d60.00
520 _aCritical study of the film, Lagaan, and analysis of its preconceptions and views of society and the role of Brahmans. a thoughtful Dalit critique of modern culture. How did a priestly class-soft, even effeminate-come to dominate a sport? Why does such dominance not extend to hockey or football? In Brahmans and Cricket, S. Anand seeks answers to unasked questions.
650 _aHindi Cinema
_9124751
650 _aCaste Aspersions
_9124752
650 _aKathakar Tradition
_9124753
700 _aANAND (S)
_9124754
942 _2ddc
_cDB
999 _c227644
_d227644